000 00335nam a2200133Ia 4500
008 150301s2015 xx 000 0 und d
082 _a615.4
_bE12S
100 _aSINHA, SHRADHA
245 2 _aA TB OF ENVIRONMENT AND ECOLOGY FOR PHARMACY STUDENT
260 _bAITBS DELHI
300 _a256
650 _aPHARMACY
942 _2ddc
_cBK
_015
999 _c7271
_d7271